Library Logo

Pioneer International University Library Catalogue

Kivuli cha Ndoto (Record no. 9276)

MARC details
000 -LEADER
fixed length control field 00342nam a22001337a 4500
005 - DATE AND TIME OF LATEST TRANSACTION
control field 20250901165805.0
008 - FIXED-LENGTH DATA ELEMENTS--GENERAL INFORMATION
fixed length control field 250320b |||||||| |||| 00| 0 eng d
020 ## - INTERNATIONAL STANDARD BOOK NUMBER
International Standard Book Number 9780195738308
050 ## - LIBRARY OF CONGRESS CALL NUMBER
Classification number PL 8704 .W37 2013
245 ## - TITLE STATEMENT
Title Kivuli cha Ndoto
Statement of responsibility, etc. Kenna Wasike
260 ## - PUBLICATION, DISTRIBUTION, ETC.
Place of publication, distribution, etc. Nairobi:
Name of publisher, distributor, etc. Oxford,
Date of publication, distribution, etc. 2013.
300 ## - PHYSICAL DESCRIPTION
Extent 100 pages:
Dimensions 18 cm.
942 ## - ADDED ENTRY ELEMENTS (KOHA)
Source of classification or shelving scheme Library of Congress Classification
Holdings
Withdrawn status Lost status Source of classification or shelving scheme Damaged status Not for loan Collection Home library Current library Shelving location Date acquired Total checkouts Full call number Barcode Date last seen Copy number Price effective from Koha item type
    Library of Congress Classification       Main Library Main Library   03/20/2025   PL 8704 .W37 2013 PIUD0000154 04/08/2025 1 03/20/2025 Books
    Library of Congress Classification       Main Library Main Library   03/20/2025   PL 8704 .W37 2013 PIUD0000155 04/08/2025 2 03/20/2025 Books